Score 0/6 Timer 03:00
0 Plays Today
Season Winner % Correct
Five (2008)Alexandra Burke
100%
Three (2006)Leona Lewis
97.6%
Six (2009)Joe McElderry
90.2%
Four (2007)Leon Jackson
80.5%
One (2004)Steve Brookstein
78%
Two (2005)Shayne Ward
75.6%
Remove Ads.
Support Sporcle.
Get the best of Sporcle when you Go Orange. This ad-free experience offers more features, more stats, and more fun while also helping to support Sporcle. Thank you for becoming a member.

You're not logged in!

Compare scores with friends on all Sporcle quizzes.
OR
Log In

You Might Also Like...

Show Comments

Extras

Created Nov 27, 2010ReportNominate
Tags:X Factor

Top Quizzes Today


Score Distribution

Your Account Isn't Verified!

In order to create a playlist on Sporcle, you need to verify the email address you used during registration. Go to your Sporcle Settings to finish the process.

Report this User

Report this user for behavior that violates our Community Guidelines.

Details: